000 00820nam a22001817a 4500
003 UA-OsUOA
001 13902
007 ta
008 20030625b un ||||| |||| 00| 0 ukr d
100 _aБенько І.
942 _cSA
040 _aUA-OsUOA
_cUA-OsUOA
_dUA-OsUOA
245 _aГоловне для них - істина: [Про роботу експертів - криміналістів Наук.-дослід. експерт.-криміналіст. центру УМВС обл. розповідає заст. начальника Центру по роботі з персоналом капітан міліції І.Бенько]
300 _aС.4
955 _a0
773 0 _w0
_tВісті Рівненщини
_dРівне
_d2003
_g№50/18 черв./
650 7 _aКраєзнавча робота
_2UDC
999 _c300063
_d300063